Scrabble points - Statistics

General Stats
  • This quiz has been taken 212 times
  • The average score is 58 of 83
Answer Stats
Hint Answer % Correct
A 1
98%
E 1
95%
B 3
95%
D 2
94%
G 2
94%
C 3
94%
F 4
94%
I 1
91%
H 4
91%
K 5
90%
J 8
90%
L 1
88%
M 3
88%
N 1
86%
O 1
83%
Q 10
83%
P 3
83%
C 2
81%
R 1
80%
B 2
80%
J 1
79%
D 4
79%
F 2
78%
K 1
77%
S 1
77%
T 1
77%
C 6
76%
Q 1
75%
U 1
75%
E 12
75%
H 2
75%
G 3
75%
B 6
75%
D 8
75%
A 9
75%
V 4
74%
X 8
73%
F 8
73%
E 12
72%
M 2
72%
W 4
72%
G 6
72%
J 8
72%
A 9
72%
K 5
71%
H 8
71%
Z 10
70%
L 4
70%
Y 4
70%
I 9
69%
N 6
67%
M 6
67%
Q 10
66%
P 2
66%
L 4
66%
I 9
66%
N 6
63%
Z 1
62%
O 8
62%
P 6
61%
BLANK 0
60%
V 2
60%
X 1
59%
R 6
59%
BLANK 2
58%
S 4
58%
O 8
58%
W 2
56%
T 6
56%
R 6
56%
Y 2
54%
S 4
54%
BLANK 0
53%
U 4
53%
T 6
52%
V 8
52%
Z 10
51%
X 8
51%
U 4
49%
W 8
49%
Y 8
49%
TOTAL 100
21%
TOTAL 187
5%
No matching quizzes found
Score Distribution
Percent of People with Each Score
Percentile by Number Answered
Your Score History
You have not taken this quiz